[Event "ESP-ch 85th"]
[Site "Linares"]
[Date "2020.09.06"]
[Round "7"]
[White "Roldan Ortiz, Antonio Jose"]
[Black "Ruiz Gonzalez, Jorge"]
[Result "0-1"]
[WhiteElo "1872"]
[BlackElo "2102"]
[PlyCount "114"]
[EventDate "2020.08.31"]
[EventType "swiss"]
[EventRounds "9"]
[EventCountry "ESP"]
[SourceTitle "EXT 2021"]
[Source "ChessBase"]
[SourceDate "2020.10.23"]
[SourceVersion "1"]
[SourceVersionDate "2020.10.23"]
[SourceQuality "1"]

1. Nf3 Nf6 2. b3 g6 3. Bb2 Bg7 4. g3 0-0 5. Bg2 d5 6. 0-0 c6 7. c4 Nbd7 8. d4 Ne4 9. Nfd2 Ndf6 10. f3 Nxd2 11. Qxd2 Be6 12. Qd3 dxc4 13. bxc4 Qb6 14. Bc3 c5 15. e3 cxd4 16. exd4 Rac8 17. Nd2 Bxc4 18. Nxc4 Qb5 19. Rab1 Qxc4 20. Qxc4 Rxc4 21. Ba1 b6 22. f4 e6 23. Rfc1 Rfc8 24. Bb2 Nd5 25. Rd1 Ne3 26. Rd2 Nxg2 27. Kxg2 Rc2 28. Rbd1 Bf8 29. a3 Bg7 30. Kf3 Kf8 31. Ke3 Ke7 32. Kd3 Rxd2+ 33. Rxd2 Kd6 34. h4 Kd5 35. h5 Rc4 36. hxg6 hxg6 37. Ke3 f5 38. Ba1 Rc1 39. Bb2 Re1+ 40. Kf2 Re4 41. Rc2 Bxd4+ 42. Bxd4 Rxd4 43. Ke3 Rc4 44. Rd2+ Kc5 45. Rd3 a5 46. Kf3 Kb5 47. Rb3+ Ka6 48. Kg2 b5 49. Rd3 Rc6 50. Rb3 Rb6 51. Kh3 b4 52. axb4 axb4 53. Kh4 Kb5 54. Kg5 Kc4 55. Rb1 b3 56. Kxg6 b2 57. Kf6 Kc3 0-1

[Event "ESP-ch U18"]
[Site "Salobrena"]
[Date "2020.08.20"]
[Round "6"]
[White "Martin Barcelo, Carles"]
[Black "Ruiz Gonzalez, Jorge"]
[Result "1-0"]
[WhiteElo "2231"]
[BlackElo "2102"]
[PlyCount "121"]
[EventDate "2020.08.17"]
[EventType "swiss"]
[EventRounds "9"]
[EventCountry "ESP"]
[SourceTitle "CBM 197 Extra"]
[Source "ChessBase"]
[SourceDate "2020.09.30"]
[SourceVersion "1"]
[SourceVersionDate "2020.09.30"]
[SourceQuality "1"]

1. e4 e5 2. Nf3 Nc6 3. Bb5 a6 4. Ba4 Nf6 5. d3 Bc5 6. 0-0 b5 7. Bb3 d6 8. a4 Na5 9. Ba2 bxa4 10. Bd2 Bb6 11. Qe1 Nc6 12. Nc3 Bg4 13. Ng5 0-0 14. h3 Bd7 15. Nxa4 Ba7 16. Bc4 h6 17. Nf3 Nh5 18. Kh2 Qf6 19. Nc3 Nb4 20. Qc1 a5 21. Nd5 Nxd5 22. Bxd5 c6 23. Bb3 Bb6 24. Be3 Bxe3 25. fxe3 Qg6 26. Qe1 Be6 27. Bxe6 Qxe6 28. Rxa5 g5 29. b4 Ng7 30. Qc3 Qd7 31. d4 f6 32. Rd1 Qc7 33. Rxa8 Rxa8 34. d5 Rc8 35. dxc6 Qxc6 36. Qxc6 Rxc6 37. b5 Rb6 38. c4 f5 39. exf5 Nxf5 40. e4 Ng7 41. Ra1 Rb7 42. Ra8+ Kf7 43. Rh8 Kg6 44. Rd8 Rb6 45. Rc8 Ne6 46. Rc6 Rxc6 47. bxc6 Kf7 48. Kg3 Ke7 49. Kg4 Ng7 50. h4 gxh4 51. Nxh4 Kd8 52. Nf5 h5+ 53. Kh4 Ne6 54. g3 Nd4 55. Nxd6 Nxc6 56. Kxh5 Ke7 57. Nf5+ Kf6 58. g4 Nd4 59. g5+ Kf7 60. Nxd4 exd4 61. Kg4 1-0

[Event "ESP-ch U18"]
[Site "Salobrena"]
[Date "2020.08.19"]
[Round "5"]
[White "Ruiz Gonzalez, Jorge"]
[Black "Alvarez Pampillon, Antonio"]
[Result "1-0"]
[WhiteElo "2102"]
[BlackElo "1898"]
[PlyCount "115"]
[EventDate "2020.08.17"]
[EventType "swiss"]
[EventRounds "9"]
[EventCountry "ESP"]
[SourceTitle "CBM 197 Extra"]
[Source "ChessBase"]
[SourceDate "2020.09.30"]
[SourceVersion "1"]
[SourceVersionDate "2020.09.30"]
[SourceQuality "1"]

1. e4 c5 2. Nf3 d6 3. Bb5+ Bd7 4. Bxd7+ Qxd7 5. c4 e5 6. 0-0 Nc6 7. d3 Be7 8. Nc3 f5 9. exf5 Qxf5 10. Ne1 g5 11. Nc2 Nf6 12. Ne3 Qg6 13. Ncd5 Nxd5 14. Nxd5 0-0 15. b4 Rf7 16. Be3 Nxb4 17. Nxb4 cxb4 18. a3 d5 19. axb4 d4 20. Bd2 Qxd3 21. Qc1 Qg6 22. Ra3 e4 23. Rg3 Rf5 24. Rg4 e3 25. fxe3 Rxf1+ 26. Qxf1 Rf8 27. Qe1 dxe3 28. Bxe3 Qf5 29. h3 h5 30. Rd4 Rd8 31. Rxd8+ Bxd8 32. Bxa7 Bf6 33. Bc5 Be5 34. Qf1 Qxf1+ 35. Kxf1 Kf7 36. Ke2 Ke6 37. Kf3 Kf5 38. g4+ hxg4+ 39. hxg4+ Ke6 40. Ke4 Bf6 41. Bb6 Be7 42. b5 Bf6 43. Bc7 Be7 44. Kd4 Kd7 45. Bb6 Ke6 46. c5 Bf6+ 47. Ke4 Be7 48. Kd4 Bf6+ 49. Kc4 Be5 50. Bd8 Bf4 51. Bb6 Be5 52. Ba7 Bc7 53. b6 Bd8 54. c6 Bxb6 55. Bxb6 bxc6 56. Bd8 Ke5 57. Bxg5 Ke4 58. Bf6 1-0

[Event "ESP-ch U18"]
[Site "Salobrena"]
[Date "2020.08.18"]
[Round "3"]
[White "Ruiz Gonzalez, Jorge"]
[Black "Ortin Blanco, Inigo"]
[Result "0-1"]
[WhiteElo "2102"]
[BlackElo "2252"]
[PlyCount "59"]
[EventDate "2020.08.17"]
[EventType "swiss"]
[EventRounds "9"]
[EventCountry "ESP"]
[SourceTitle "CBM 197 Extra"]
[Source "ChessBase"]
[SourceDate "2020.09.30"]
[SourceVersion "1"]
[SourceVersionDate "2020.09.30"]
[SourceQuality "1"]

1. e4 e6 2. Qe2 c5 3. Nf3 Nc6 4. g3 Be7 5. Bg2 Nf6 6. 0-0 0-0 7. d3 Qc7 8. Re1 e5 9. Bg5 d6 10. Bxf6 Bxf6 11. c4 Bg4 12. Nc3 Nd4 13. Qd1 Qc8 14. Nd5 Bd8 15. Ne3 Bh5 16. Nc2 f5 17. Ncxd4 cxd4 18. Qb3 fxe4 19. dxe4 Qe6 20. Nd2 Ba5 21. Qd3 Qh6 22. f4 exf4 23. Rf1 fxg3 24. Nb3 Be2 25. Rxf8+ Rxf8 26. Qxg3 Bb6 27. Kh1 d3 28. e5 Bf2 29. Bd5+ Kh8 30. Qg2 0-1

[Event "Alzira Chrismas 7th"]
[Site "Alzira"]
[Date "2017.12.29"]
[Round "5.9"]
[White "Ruiz Gonzalez, Jorge"]
[Black "Lopez Escribano, Oscar"]
[Result "0-1"]
[WhiteElo "1766"]
[BlackElo "1787"]
[PlyCount "138"]
[EventDate "2017.12.27"]
[EventType "swiss"]
[EventRounds "8"]
[EventCountry "ESP"]
[SourceTitle "EXT 2024"]
[Source "ChessBase"]
[SourceDate "2023.10.10"]
[SourceVersion "1"]
[SourceVersionDate "2023.10.10"]
[SourceQuality "1"]

1. e4 g6 2. d4 Bg7 3. Nc3 d6 4. f4 e6 5. Nf3 Ne7 6. Bd3 b6 7. 0-0 0-0 8. Kh1 Bb7 9. f5 exf5 10. exf5 Nxf5 11. Bxf5 gxf5 12. Ng5 h6 13. Nf3 Qf6 14. Bf4 Nd7 15. Qd2 Rfe8 16. Nb5 Rec8 17. Rae1 a6 18. Nc3 Re8 19. Ne2 Kh7 20. c3 Re7 21. Bg3 Bxf3 22. Rxf3 Rae8 23. Qc2 Re4 24. Rff1 Nf8 25. Nf4 Rxe1 26. Rxe1 Rxe1+ 27. Bxe1 Ng6 28. Nh5 Qe6 29. Bf2 Qe4 30. Qd2 f4 31. Kg1 d5 32. Qe1 f5 33. g3 c6 34. Qxe4 fxe4 35. Nxf4 Nxf4 36. gxf4 Kg6 37. Kg2 Bf6 38. Kh3 Kf5 39. Be3 h5 40. Kg3 h4+ 41. Kh3 Be7 42. Bd2 Bd6 43. Kxh4 Bxf4 44. Be1 Bxh2 45. Kh3 Bd6 46. Kg2 c5 47. Kf2 Kg4 48. Ke2 cxd4 49. cxd4 a5 50. a3 a4 51. Bd2 Bf4 52. Bb4 Kf5 53. Bc3 Ke6 54. Bb4 Kd7 55. Kd1 Kc6 56. Kc2 Kb5 57. Kc3 Bc1 58. Be7 e3 59. Bh4 Kc6 60. Kc2 Bd2 61. Bg5 Kb5 62. Kd3 Bc1 63. Kc2 e2 64. Bh4 Bg5 65. Be1 Kc4 66. Bg3 Kxd4 67. Bf2+ Be3 68. Be1 Kc4 69. Bb4 d4 0-1

[Event "Can Ninetes op 11th"]
[Site "Can Ninetes"]
[Date "2016.08.01"]
[Round "1"]
[White "Ruiz Gonzalez, Jorge"]
[Black "Gonzalez Vericat, Sergio"]
[Result "0-1"]
[WhiteElo "1555"]
[BlackElo "2141"]
[PlyCount "44"]
[EventDate "2016.08.01"]
[EventType "swiss"]
[EventRounds "9"]
[EventCountry "ESP"]
[SourceTitle "CBM 173 Extra"]
[Source "ChessBase"]
[SourceDate "2016.08.29"]
[SourceVersion "1"]
[SourceVersionDate "2016.08.29"]
[SourceQuality "1"]

1. d4 Nf6 2. c4 c5 3. d5 b5 4. cxb5 a6 5. bxa6 Bxa6 6. Nc3 d6 7. e4 Bxf1 8. Kxf1 g6 9. Bd2 Bg7 10. g3 0-0 11. Kg2 Nbd7 12. Nf3 Qb6 13. Qc2 Rfb8 14. b3 Ng4 15. h3 Nge5 16. Nxe5 Nxe5 17. f4 Nd7 18. Rad1 Qa6 19. a4 c4 20. bxc4 Qxc4 21. Qa2 Rb3 22. Nb5 Qe2+ 0-1